| 000 | 02036nam0a2200349 4500 | ||
|---|---|---|---|
| 001 | RU\NLR\BIBL_A\011933061 | ||
| 005 | 20190809142808.0 | ||
| 010 |
_a978-5-91692-589-0 _9500 |
||
| 021 |
_aRU _bКН-П-18-102975 _9КН-П-18-7459 |
||
| 035 | _a(NLR Aleph) 011933061 | ||
| 035 | _a(RuMoRGB)009855393 | ||
| 090 |
_a11048664 _c11048664 |
||
| 100 | _a20190208d2018 k y0rusy50 ca | ||
| 101 | 0 | _arus | |
| 102 | _aRU | ||
| 105 | _aa z 000zy | ||
| 200 | 1 |
_aСостояние и развитие методики учета и анализа материально-производственных запасов в сельскохозяйственных организациях _eмонография _fА. А. Адаменко _gМинистерство сельского хозяйства Российской Федерации, ФГБОУ ВО "Кубанский государственный аграрный университет имени И. Т. Трубилина" |
|
| 210 |
_aКраснодар _cКубГАУ _d2018 |
||
| 215 |
_a183 с. _cил., табл. _d20 |
||
| 320 | _aБиблиогр.: с. 172-182 (134 назв.) | ||
| 606 | 1 |
_aСельскохозяйственные организации _xБухгалтерский учет _92110801 _3RU\NLR\AUTH\661579186 |
|
| 606 | 1 |
_aПроизводственные запасы _xБухгалтерский учет _yРоссийская Федерация _92155130 _3RU\NLR\AUTH\661297485 |
|
| 606 | 1 |
_aСельскохозяйственные организации _xЭкономический анализ _92134579 _3RU\NLR\AUTH\661591592 |
|
| 686 | 1 | _aУ052.9(2)232 | |
| 686 | 1 | _aУ052.9(2)2-145.72 | |
| 686 | 1 | _aУ32(2)1-24(2Р) | |
| 700 | 1 |
_7ca _8rus _aАдаменко _bА. А. _cд-р экон. наук _f1983- _gАлександр Александрович _9178565 _3RU\NLR\AUTH\770178616 |
|
| 942 | _cBOOK | ||
| 980 | _aNBR | ||
| 980 | _aNB | ||